3028-大和高田市(奈良県)の駅 - Statistics

General Stats
  • This quiz has been taken 3 times
  • The average score is 4 of 6
Answer Stats
Answer % Correct
築山
100%
高田
67%
大和高田
67%
松塚
67%
高田市
67%
浮孔
33%
No matching quizzes found
Score Distribution
Percent of People with Each Score
Percentile by Number Answered
Your Score History
You have not taken this quiz